000 00574nam a2200169Ia 4500
003 GCL
008 140319s9999 xx 000 0 ara d
040 _aGCL /
_cGCL
082 0 4 _a243
_bع ا
100 1 _aعباس محمود العقاد
245 1 0 _aابليس: بحث فى تاريخ الخير والشر وتمييز الاسلام بينهما من مطلع التاريخ الى اليوم /
_cعباس محمود العقاد
300 _a208 ص
490 _aكتاب
_v0
650 0 4 _aالشياطين والجان
650 0 4 _aابليس
942 _2ddc
_cBK
999 _c42536
_d42536